English and British Moranch's Song Lyrics - Statistics

General Stats
  • This quiz has been taken 34 times
  • The average score is 41 of 99
Answer Stats
Lyrics % Correct
Oh {William} (bit short ain't it, we need more kings, who came next)
95%
To help remember all your Kings, I've come up with this {song}
90%
Oh {King John} what a disaster
85%
Then {Henry} yes one more
85%
They call me the first English king , although I come from {France}
85%
Then King {Stephen}, it's true check it
80%
Always spoiling for a {fight}
75%
1066, {the Doomsday book} I gave to history
70%
My enemies stood {no chance}
70%
{Richard Lionheart} that's right.
70%
That's my next {eldest} song
70%
A simple rhyming {ditty} for you all to sing along
65%
Killed out {hunting} so it's said
65%
Since {William I} that there have been!
65%
{William}, {William}, {Henry}, {Stephen}, {Henry}, {Richard}, {John}, (Oi!)
65%
{William}, {William}, {Henry}, {Stephen}, {Henry}, {Richard}, {John} (Oi)!)
65%
{William}, {William}, {Henry}, {Stephen}, {Henry}, {Richard}, {John}, (Oi!)
65%
{William}, {William}, {Henry}, {Stephen}, {Henry}, {Richard}, {John} (Oi!))
65%
{William}, {William}, {Henry}, {Stephen}, {Henry}, {Richard}, {John} (Oi)
65%
I took over {Henry One}
60%
I'm {William the Conqueror}
55%
Rule restrained by {Magna Carta}
55%
Then {Mary} was a smartie
55%
All Hail to {Queen Victoria}
50%
{Edward}, {Edward}, {Rich the Third}
50%
{Henry}, {Henry}, {Ed} again
50%
{Henry}, {Henry}, {Ed} again
50%
{Henry}, {Henry}, {Ed} again
50%
{Henry}, {Henry}, {Ed} again
50%
Still to come it's Queen {Victoria}
50%
That's {all} the English Kings and Queens
50%
That's me! Time for more {men}
50%
Til along came me {Victoria}
50%
And {Queen Liz Two} completes the mix
45%
By sourpuss Queen {Anne} Gloria
45%
Six wives {two} were beheaded
45%
And so from then you were {ruled} by men
40%
{Edward}, {Edward}, {Rich the Third}
40%
{Edward}, {Edward}, {Rich the Third}
40%
{Edward}, {Edward}, {Rich the Third}
40%
I ruled for {64} years, you know
40%
It's nearly the {end} of the Story-A
40%
It's true you beat {Napoleon} but were mostly a dead loss
40%
{Jimmy}, {Charles} and {Charles} again!
40%
{Jimmy}, {Charles} and {Charles} again
40%
{Jimmy}, {Charles} and {Charles} again
40%
{Mary one}, Good Queen {Bess}
40%
{Mary One}, Good Queen {Bess}
40%
{Mary One}, Good Queen {Bess}
40%
{Mary One}, Good Queen {Bess}
40%
{Richard III} he's bad
40%
So {Henry Eight}, I was great
40%
That's must have {hurt} him lots
40%
Then {Henry Six} arrived (Waaah!)
40%
Til I replaced {old him}
40%
Time for my mate {Henry Eight} to take up the this song
40%
{William Second} cheeks were {red}
40%
{Edward Five}
35%
{Edward four}
35%
{Henry}, {Ed}, {Ed}, {Ed}, {Rich two}, then three more {Henrys} join our song
35%
{Henry}, {Ed}, {Ed}, {Ed}, {Rich two}, then three more {Henrys} join our song
35%
{Henry}, {Ed}, {Ed}, {Ed}, {Rich two}, then three more {Henrys} join our song
35%
{Henry}, {Ed}, {Ed}, {Ed}, {Rich two}, then three more {Henrys} join our song
35%
{Jim}, {Will Mary}, {Anna} Gloria
35%
{Jim}, {Will Mary}, {Anna} Gloria
35%
{Jim}, {Will Mary}, {Anna} Gloria
35%
Not least from {Henry Five}
35%
And so became the Hangover gang {George One} and {George Two} (Grim!)
30%
Became the {hundred years war}
30%
{Edward VI} came next but he died young and so
30%
{George}, {George}, {George}, {George}, {Will}, {Victoria}
30%
{George}, {George}, {George}, {George}, {Will}, {Victoria}
30%
King {Henry four}
30%
My daughter {Mary} ruled so {scary} then along came
30%
The {George III} was quite {absurd}
30%
{Victoria}, {Victoria}, {Victoria}
30%
{Edward}, {George}, {Edward}, {George Six}
25%
{Edward III} was a chivalry nerd
25%
{George IV} is known henceforth as angry, {fat} and cross (Hang on!)
25%
Me! I'm {Liz the First} I had no {kids} so Tutors RIP
25%
No {Monarchy} until came me {Charles Two} I like to {party}
25%
{Plots} galore
25%
She ruled with {Bill}, their shoes were filled
25%
Then {Stuarts} ruled so {Charles I} the one who lost his {head}
25%
I'm {Henry Two} killed {Thomas Beckett}
20%
{James} sixth of {Scotland} next as {English} {James I} he lead
20%
King {Jimmy two} was scary
20%
And so oh our famous {monarch song}
15%
A {red hot poker} killed {Ed Two}
15%
As of to the scene, comes the best {loved} Queen
15%
{Ed one} hated {Scots}
15%
{Henry Three} built thee {abbey}
15%
{Liz two} then reigned and how
15%
So fat on death my body {brust} but enough about me
15%
Then {Richard Two} was King aged {ten}
15%
Cause he fought wars with {Henry Seven} first {tutor} and my dad
10%
Old {William IV} was a {sailor} (Ahoy!)
10%
{Edward Seven}, {George Five}, {Ed Eight}, {George Six}
5%
I killed ten score at {Aringcourt}
5%
No matching quizzes found
Score Distribution
Percent of People with Each Score
Percentile by Number Answered
Your Score History
You have not taken this quiz